[Event "ICS rated bullet match"]
[Site "204.178.125.65"]
[Date "2000.04.05"]
[Round "?"]
[White "PostModernist"]
[Black "Hossa"]
[Result "1-0"]
[WhiteElo "2501"]
[BlackElo "2387"]
[PlyCount "63"]
[EventDate "2000.??.??"]

1. e4 e5 2. d4 exd4 3. c3 dxc3 4. Nxc3 Nc6 5. Nf3 Nf6 6. Bc4 Bb4 7. e5 Ng4 8.
Bxf7+ Kxf7 9. Ng5+ Ke8 10. Qxg4 Nxe5 11. Qe4 Qe7 12. O-O Bxc3 13. bxc3 Nc6 14.
Qd3 d6 15. Nxh7 Qe5 16. Qg6+ Kd7 17. Bg5 Rxh7 18. f4 Qe3+ 19. Kh1 Ne7 20. Qxh7
Nd5 21. c4 Nb6 22. Rfe1 Qxe1+ 23. Rxe1 Nxc4 24. Qg8 c5 25. Qxc4 Kc6 26. Qe4+ d5
27. Qe8+ Kd6 28. Be7+ Kc7 29. Bd8+ Kd6 30. Qg6+ Kd7 31. Re7+ Kxd8 32. Qe8# 1-0

[Event "ICS rated standard match"]
[Site "204.178.125.65"]
[Date "2000.04.05"]
[Round "?"]
[White "Hossa"]
[Black "Beadle"]
[Result "1-0"]
[WhiteElo "2279"]
[BlackElo "2339"]
[PlyCount "121"]

1. e4 e5 2. Nf3 Nc6 3. Nc3 Nf6 4. Nxe5 Nxe5 5. d4 Nc6 6. d5 Ne5 7. f4 Ng6 8. e5
Ng8 9. d6 cxd6 10. exd6 Qf6 11. Nb5 Kd8 12. Be3 Qxb2 13. Bd4 Qb4+ 14. c3 Qb2
15. Rb1 Qxa2 16. g3 b6 17. Be2 Bb7 18. O-O Bc6 19. f5 Nh6 20. fxg6 hxg6 21. Rf2
Nf5 22. Bg4 Nxd4 23. Rxa2 Nxb5 24. Rxb5 Bxb5 25. Qd4 Bc6 26. Rxa7 Rb8 27. Ra6
f6 28. Rxb6 Rxb6 29. Qxb6+ Ke8 30. Qb8+ Kf7 31. Be2 Ke6 32. Bc4+ Bd5 33. Bb5 g5
34. c4 Bf3 35. c5 Be4 36. Qe8+ Kd5 37. c6 Bg6 38. Qxd7 Bxd6 39. c7 Ke5 40. c8=Q
Rxc8 41. Qxc8 Be4 42. Qe8+ Kd4 43. Qe6 Be5 44. Kf2 Kc5 45. Qc4+ Kb6 46. Qxe4
Kxb5 47. Qb7+ Kc5 48. Qxg7 Kd6 49. h4 gxh4 50. gxh4 f5 51. Qf7 f4 52. Kf3 Kc5
53. Ke4 Bc3 54. Qxf4 Kc4 55. Qc7+ Kb4 56. Kd3 Bd4 57. Kxd4 Kb3 58. Qh2 Kb4 59.
Qb2+ Ka4 60. Kc5 Ka5 61. Qa2# 1-0

[Event "ICS rated blitz match"]
[Site "204.178.125.65"]
[Date "2000.04.05"]
[Round "?"]
[White "WitPaard"]
[Black "Hossa"]
[Result "0-1"]
[WhiteElo "2219"]
[BlackElo "2559"]
[PlyCount "60"]

1. e4 e5 2. Nf3 Nc6 3. Bb5 a6 4. Ba4 Nf6 5. O-O Be7 6. Bxc6 dxc6 7. d3 Nd7 8.
Nbd2 O-O 9. Nc4 f6 10. b3 Nb6 11. Ne3 Bd6 12. Nh4 a5 13. a4 g6 14. g3 Bh3 15.
Re1 f5 16. Neg2 fxe4 17. dxe4 Qf6 18. Be3 Bb4 19. Rf1 Bc3 20. Rb1 Rad8 21. Qe2
Rf7 22. Rfd1 Nd7 23. Rd3 Bb4 24. Rbd1 g5 25. Nf5 Bxf5 26. exf5 Qxf5 27. Qh5 e4
28. Rxd7 Rdxd7 29. Rxd7 Rxd7 30. Qe8+ Bf8 0-1

[Event "ICS rated blitz match"]
[Site "204.178.125.65"]
[Date "2000.04.05"]
[Round "?"]
[White "PostModernist"]
[Black "Hossa"]
[Result "1-0"]
[WhiteElo "2486"]
[BlackElo "2563"]
[PlyCount "91"]
[EventDate "2000.??.??"]

1. d4 Nf6 2. c4 e6 3. Nf3 b6 4. g3 Bb7 5. Bg2 Be7 6. O-O O-O 7. Nc3 Ne4 8. Nxe4
Bxe4 9. Ne1 Bxg2 10. Nxg2 Nc6 11. d5 Ne5 12. Qc2 b5 13. cxb5 exd5 14. Ne3 d4
15. Nf5 c5 16. bxc6 Nxc6 17. Qe4 Bf6 18. Rd1 Qa5 19. Qg4 d5 20. Bg5 Qd8 21.
Rac1 Ne5 22. Qxd4 Re8 23. Bxf6 Qxf6 24. Ne3 Qa6 25. Rc2 Qxa2 26. Nxd5 Rab8 27.
Nc7 Re7 28. Qd8+ Re8 29. Qd6 Qa4 30. Nxe8 Rxe8 31. b3 Qb5 32. Rd5 Nf3+ 33. Kg2
Qxb3 34. Rc8 Qa4 35. Qe7 Nh4+ 36. Kh3 Qg4+ 37. Kxg4 h5+ 38. Kxh4 Rxc8 39. Rd7
Rf8 40. Rxa7 g6 41. Kg5 Kg7 42. Qf6+ Kh7 43. Qxg6+ Kh8 44. Qh6+ Kg8 45. Kf6 h4
46. Qg7# 1-0

[Event "ICS rated standard match"]
[Site "204.178.125.65"]
[Date "2000.04.05"]
[Round "?"]
[White "Beadle"]
[Black "Hossa"]
[Result "1/2-1/2"]
[WhiteElo "2320"]
[BlackElo "2298"]
[PlyCount "239"]

1. e4 e5 2. Nf3 Nc6 3. Bb5 a6 4. Ba4 Nf6 5. O-O Be7 6. Re1 b5 7. Bb3 O-O 8. c3
d5 9. exd5 Nxd5 10. Nxe5 Nxe5 11. Rxe5 c6 12. d4 Bd6 13. Bg5 Qc7 14. Bxd5 Bxe5
15. dxe5 cxd5 16. Qxd5 Bb7 17. Qd4 Rfe8 18. Nd2 Qxe5 19. Qxe5 Rxe5 20. Be3 Rd8
21. Nb3 Rc8 22. Nd4 g5 23. a4 f6 24. h4 gxh4 25. axb5 axb5 26. Bf4 Rh5 27. Ra7
Be4 28. Re7 Bd3 29. Re3 Bc4 30. b3 Bf7 31. b4 Bc4 32. Kh2 Kf7 33. f3 Rd5 34.
Kh1 Ra8 35. Kh2 Ra2 36. Re1 Rh5 37. Kh3 Ra6 38. Kg4 Kg6 39. Kh3 h6 40. Rg1 Ra3
41. Rc1 Ra8 42. Rc2 Ra1 43. Rc1 Ra3 44. Be3 Ra2 45. Rd1 Re5 46. Bf4 Re8 47. Rh1
Rg8 48. Rg1 Kh7 49. Kh2 Bd3 50. Be3 Rc8 51. Rc1 h5 52. Bf4 Rg8 53. Rg1 Bc4 54.
Kh3 Raxg2 55. Rxg2 Bf1 56. Kxh4 Rxg2 57. Kxh5 Bd3 58. Kh4 Kg6 59. Kh3 Bf1 60.
Kh4 Bc4 61. Kh3 Ra2 62. Kg3 Ra3 63. Bd2 Ra7 64. Be3 Ra6 65. Kf4 Ra3 66. Bd2 Kf7
67. Ke4 Ra7 68. f4 Ra8 69. f5 Re8+ 70. Kf3 Rc8 71. Kf4 Rh8 72. Be3 Re8 73. Bd2
Bd3 74. Kf3 Rh8 75. Bf4 Bc4 76. Ke3 Ra8 77. Bd6 Ra3 78. Kd2 Ke8 79. Bg3 Ra1 80.
Bf4 Rb1 81. Bg3 Rf1 82. Bh4 Ke7 83. Bg3 Ra1 84. Bf4 Kd7 85. Bg3 Rh1 86. Bf4 Rg1
87. Bb8 Rg8 88. Bf4 Rh8 89. Kc2 Rh4 90. Bb8 Rh1 91. Kd2 Rh8 92. Bf4 Rh4 93. Ke3
Rh3+ 94. Kd2 Rd3+ 95. Kc2 Ke8 96. Bd6 Re3 97. Kd2 Re4 98. Bh2 Kd7 99. Bb8 Re7
100. Bf4 Ke8 101. Bd6 Ra7 102. Bf4 Ra2+ 103. Ke3 Ra3 104. Kd2 Kd7 105. Bg3 Ke7
106. Nc6+ Kf7 107. Nd4 Ra8 108. Ke3 Ra1 109. Kd2 Kg8 110. Bf4 Ra7 111. Bd6 Ra2+
112. Ke3 Ra1 113. Kd2 Rg1 114. Bc7 Kg7 115. Bf4 Rf1 116. Bg3 Ra1 117. Bd6 Ra2+
118. Ke3 Ra3 119. Kd2 Ra1 120. Ne6+ 1/2-1/2

[Event "ICS rated standard match"]
[Site "204.178.125.65"]
[Date "2000.04.05"]
[Round "?"]
[White "Hossa"]
[Black "Beadle"]
[Result "0-1"]
[WhiteElo "2299"]
[BlackElo "2319"]
[PlyCount "158"]

1. e4 e5 2. Nf3 Nc6 3. Nc3 Nf6 4. Nxe5 Nxe5 5. d4 Nc6 6. d5 Ne5 7. f4 Ng6 8. e5
Ng8 9. d6 cxd6 10. exd6 Qf6 11. Nb5 Kd8 12. Be3 Qxb2 13. Bd4 Qb4+ 14. c3 Qb2
15. Rb1 Qxa2 16. g3 b6 17. Be2 Bb7 18. O-O Bc6 19. f5 Nh6 20. fxg6 hxg6 21. Rf2
Nf5 22. Bg4 Qd5 23. Bf3 Qc4 24. Bxc6 dxc6 25. Nc7 Nxd4 26. cxd4 Rc8 27. Rc1 Qb4
28. Rxc6 Bxd6 29. Nd5 Qa3 30. Qc2 Rxc6 31. Qxc6 Rxh2 32. Qa8+ Kd7 33. Rxf7+ Ke6
34. Rf3 Qxf3 35. Nc7+ Bxc7 36. Qxf3 Rh8 37. Qe4+ Kd7 38. Qxg6 Rd8 39. Qxg7+ Kc8
40. Qg4+ Kb8 41. Kf2 b5 42. Ke2 b4 43. Kd3 a5 44. Qe6 Rd6 45. Qe8+ Ka7 46. g4
Rb6 47. g5 b3 48. Qe7 Kb8 49. Qf8+ Kb7 50. Qf1 b2 51. Qb1 a4 52. Kc2 Rc6+ 53.
Kd2 a3 54. Qd3 Bf4+ 55. Ke2 Re6+ 56. Kf1 a2 57. Qb5+ Rb6 58. Qd5+ Kc7 59. Qf7+
Kc6 60. Qe6+ Bd6 61. Qc4+ Kd7 62. Qf7+ Be7 63. Qd5+ Ke8 64. Qg8+ Bf8 65. Qxa2
b1=Q+ 66. Qxb1 Rxb1+ 67. Ke2 Bg7 68. d5 Rb5 69. Kf3 Rxd5 70. g6 Kd7 71. Kg4 Rd3
72. Kf4 Ke6 73. Ke4 Rc3 74. Kf4 Kd5 75. Kf5 Rc4 76. Kg5 Ke5 77. Kh5 Rd4 78. Kg5
Bf6+ 79. Kh5 Rh4# 0-1

[Event "ICS rated bullet match"]
[Site "204.178.125.65"]
[Date "2000.04.05"]
[Round "?"]
[White "Hossa"]
[Black "JSBach"]
[Result "1-0"]
[WhiteElo "2376"]
[BlackElo "1970"]
[PlyCount "121"]

1. e4 e5 2. Nf3 Nf6 3. Nxe5 d6 4. Nxf7 Kxf7 5. d4 Nxe4 6. Qh5+ Ke7 7. Qe2 Kf7
8. Qxe4 d5 9. Qf4+ Kg8 10. Nc3 Bb4 11. Bd3 Be6 12. O-O Nc6 13. Re1 Qd7 14. Qe3
Bxc3 15. bxc3 Re8 16. Qe2 Qd6 17. Rb1 b6 18. Bb5 Re7 19. Bg5 Re8 20. Rb3 Qd7
21. Bd3 Na5 22. Rbb1 Qf7 23. Ba6 Nc6 24. Bb7 Bd7 25. Be3 Na5 26. Ba6 Nc4 27.
Bxc4 dxc4 28. Rb4 Be6 29. Bd2 Kf8 30. Bg5 a5 31. Rbb1 Bd7 32. Qd2 Be6 33. Re5
Qg6 34. Rbe1 Qf7 35. d5 Bd7 36. Rxe8+ Bxe8 37. Re7 Qf5 38. Rxc7 Bf7 39. d6 Qb5
40. d7 Qb1+ 41. Qc1 Qxc1+ 42. Bxc1 Ke7 43. Ba3+ Ke6 44. Rc8 Bg6 45. Rxh8 Kxd7
46. Rg8 Kc6 47. Rxg7 Bxc2 48. Re7 Bb1 49. f4 Bxa2 50. Rxh7 b5 51. f5 Bb1 52. f6
b4 53. cxb4 axb4 54. f7 Bxh7 55. Bxb4 Kd5 56. f8=Q Bd3 57. Qd6+ Ke4 58. Bc3 Kf5
59. Qf6+ Kg4 60. h3+ Kg3 61. Be5# 1-0

[Event "ICS rated blitz match"]
[Site "204.178.125.65"]
[Date "2000.04.05"]
[Round "?"]
[White "Hossa"]
[Black "PowerChess"]
[Result "1-0"]
[WhiteElo "2544"]
[BlackElo "2261"]
[PlyCount "167"]

1. e4 e5 2. Nf3 Nc6 3. Bb5 a6 4. Ba4 Nf6 5. O-O Be7 6. Re1 b5 7. Bb3 d6 8. c3
O-O 9. h3 Na5 10. Bc2 c5 11. d4 Qc7 12. Nbd2 cxd4 13. cxd4 Nc6 14. Nb3 a5 15.
Be3 a4 16. Nbd2 Nb4 17. Bb1 Bd7 18. Qc1 Qxc1 19. Rxc1 exd4 20. Nxd4 Rfc8 21.
Rxc8+ Rxc8 22. N2f3 h5 23. Bg5 Rc5 24. Bd2 Nc6 25. Nxc6 Bxc6 26. Be3 Rc4 27.
Bd3 Bxe4 28. Bxc4 bxc4 29. Nd4 Nd5 30. Rc1 Bd3 31. Nb5 f5 32. Nc3 Nxc3 33. bxc3
Kf7 34. Bd4 Bg5 35. Re1 h4 36. g3 Bd2 37. Rd1 Bg5 38. a3 Be4 39. Re1 Be7 40.
gxh4 Bxh4 41. Re2 g5 42. Rb2 d5 43. Rb7+ Ke6 44. Rb6+ Kd7 45. Rh6 f4 46. Ra6
Bc2 47. Bc5 Ke8 48. Ra7 Bf5 49. Rxa4 Bxh3 50. Ra8+ Kf7 51. Rf8+ Kg6 52. Bd4 Bg4
53. a4 Bd7 54. a5 g4 55. Rxf4 Bc8 56. Rf8 Ba6 57. Rb8 Kf5 58. Rb6 Bc8 59. a6
Bxa6 60. Rxa6 g3 61. f3 Bd8 62. Rd6 Bc7 63. Rxd5+ Ke6 64. Rc5 Bf4 65. Rxc4 Kd5
66. Rc5+ Ke6 67. Kg2 Bb8 68. Re5+ Bxe5 69. Bxe5 Kxe5 70. Kxg3 Kf5 71. c4 Ke5
72. f4+ Kd4 73. f5 Ke5 74. Kg4 Kd4 75. f6 Kxc4 76. f7 Kc5 77. f8=Q+ Kd5 78. Qb4
Ke5 79. Qc4 Kd6 80. Kf5 Kd7 81. Qc5 Ke8 82. Qc7 Kf8 83. Kf6 Kg8 84. Qg7# 1-0

[Event "ICS rated blitz match"]
[Site "204.178.125.65"]
[Date "2000.04.05"]
[Round "?"]
[White "PowerChess"]
[Black "Hossa"]
[Result "1-0"]
[WhiteElo "2256"]
[BlackElo "2549"]
[PlyCount "105"]

1. e4 e5 2. Nf3 Nc6 3. Bb5 a6 4. Ba4 Nf6 5. O-O Be7 6. Re1 b5 7. Bb3 d6 8. c3
O-O 9. h3 Bb7 10. d4 Re8 11. Nbd2 Bf8 12. a3 h6 13. Bc2 Nb8 14. b4 Nbd7 15. Bb2
g6 16. c4 exd4 17. cxb5 axb5 18. Nxd4 c6 19. a4 bxa4 20. Bxa4 Ra6 21. Qc2 c5
22. N4b3 Nd5 23. Na5 Rxa5 24. bxa5 Nb4 25. Qc3 f6 26. Bxd7 Qxd7 27. Qxf6 Qh7
28. Ra3 Nc2 29. Rg3 g5 30. Rc1 Bxe4 31. Nxe4 Rxe4 32. Rxc2 Re1+ 33. Kh2 d5 34.
Qd8 Rd1 35. Re2 Qb1 36. Rf3 Rh1+ 37. Kg3 Rxh3+ 38. Kxh3 Qh1+ 39. Kg4 Qxg2+ 40.
Rg3 Qh1 41. Qxf8+ Kxf8 42. Rf3+ Qxf3+ 43. Kxf3 g4+ 44. Kxg4 d4 45. a6 d3 46.
Rd2 c4 47. a7 Ke7 48. a8=Q h5+ 49. Kf5 Kd6 50. Be5+ Kc5 51. Rb2 h4 52. Qc8+ Kd5
53. Rb5# 1-0

[Event "ICS rated blitz match"]
[Site "204.178.125.65"]
[Date "2000.04.05"]
[Round "?"]
[White "WitPaard"]
[Black "Hossa"]
[Result "0-1"]
[WhiteElo "2217"]
[BlackElo "2518"]
[PlyCount "48"]

1. e4 e5 2. d4 exd4 3. Qxd4 Nc6 4. Qe3 Nf6 5. Nc3 Bb4 6. Bd2 O-O 7. O-O-O Re8
8. Qg3 Rxe4 9. Bd3 Rg4 10. Qh3 d6 11. f3 Rd4 12. g4 Ne5 13. Be2 Bd7 14. Qg3 Qe7
15. h4 Be6 16. a3 Bxc3 17. Bxc3 Rxd1+ 18. Bxd1 Nc4 19. h5 Nd5 20. Bd4 Qg5+ 21.
Kb1 Nd2+ 22. Ka1 Nf1 23. Qf2 Qc1+ 24. Ka2 Nc3# 0-1

[Event "ICS rated blitz match"]
[Site "204.178.125.65"]
[Date "2000.04.05"]
[Round "?"]
[White "Hossa"]
[Black "kali"]
[Result "1-0"]
[WhiteElo "2523"]
[BlackElo "1968"]
[PlyCount "45"]

1. e4 e6 2. d4 d5 3. Nc3 Nf6 4. Bg5 Be7 5. e5 Nfd7 6. Bxe7 Qxe7 7. f4 a6 8. Nf3
c5 9. dxc5 Qxc5 10. Bd3 Nc6 11. Qd2 b5 12. O-O-O b4 13. Na4 Qa5 14. b3 Nc5 15.
Nxc5 Qxc5 16. Rhf1 g6 17. g4 a5 18. Qf2 Qc3 19. Kb1 a4 20. bxa4 Na5 21. Bb5+
Bd7 22. Qd4 Qa3 23. Rd3 1-0

[Event "ICS rated standard match"]
[Site "204.178.125.65"]
[Date "2000.04.05"]
[Round "?"]
[White "alta2"]
[Black "Hossa"]
[Result "1-0"]
[WhiteElo "2431"]
[BlackElo "2284"]
[PlyCount "69"]

1. e4 e5 2. Nf3 Nc6 3. Bb5 a6 4. Ba4 Nf6 5. O-O Be7 6. Re1 b5 7. Bb3 O-O 8. a4
Bb7 9. d3 d6 10. Nc3 Na5 11. Ba2 b4 12. Ne2 c5 13. c3 Rb8 14. cxb4 cxb4 15. Bd2
Bc8 16. Rc1 Bg4 17. Ng3 Qd7 18. h3 Bxf3 19. Qxf3 Qxa4 20. Nf5 Rfe8 21. Nh6+
gxh6 22. Bxh6 Kh8 23. Rc7 Ng8 24. Bxf7 Rb7 25. Rec1 Rxc7 26. Rxc7 Nb3 27. Bxg8
Nd4 28. Qf7 Nf3+ 29. gxf3 Rxg8+ 30. Kh2 Qe8 31. Bg7+ Rxg7 32. Qxe8+ Rg8 33.
Qxe7 Rg2+ 34. Kxg2 d5 35. Rc8# 1-0

[Event "ICS rated standard match"]
[Site "204.178.125.65"]
[Date "2000.04.05"]
[Round "?"]
[White "nicolt"]
[Black "Hossa"]
[Result "0-1"]
[WhiteElo "1946"]
[BlackElo "2281"]
[PlyCount "122"]

1. d4 d5 2. Nf3 Nf6 3. c4 e6 4. Nc3 c6 5. e3 Nbd7 6. Bd3 dxc4 7. Bxc4 b5 8. Bd3
a6 9. O-O c5 10. Qe2 Bb7 11. Rd1 c4 12. Bc2 Bxf3 13. Qxf3 Be7 14. e4 b4 15. Ne2
O-O 16. e5 Nd5 17. Qh3 g6 18. Qh6 N7b6 19. Ng3 Re8 20. Ne4 c3 21. bxc3 Nxc3 22.
Ng5 Bxg5 23. Bxg5 Re7 24. Rd3 Rc8 25. Rh3 f5 26. exf6 Qxd4 27. fxe7 Ne2+ 28.
Kf1 Qxa1+ 29. Kxe2 Rxc2+ 30. Bd2 Qe5+ 31. Re3 Qb5+ 32. Kd1 Rc8 33. Rh3 Qf1+ 34.
Be1 Kf7 35. Qxh7+ Ke8 36. Qxg6+ Kxe7 37. Qh7+ Kd6 38. Qd3+ Qxd3+ 39. Rxd3+ Kc5
40. h4 Nc4 41. Ke2 Kb5 42. h5 Rg8 43. h6 Rxg2 44. Rh3 Rg8 45. h7 Rh8 46. Rh5+
Ka4 47. Rc5 Na3 48. Rc7 Nb5 49. Rd7 Ka3 50. f3 Nc3+ 51. Bxc3 bxc3 52. Kd3 Rc8
53. Rc7 Rxc7 54. h8=Q c2 55. Qf8+ Kxa2 56. Qa8 c1=Q 57. Qxa6+ Qa3+ 58. Qxa3+
Kxa3 59. Ke4 Kb3 60. f4 Rc4+ 61. Ke5 Kc3 0-1

[Event "ICS rated blitz match"]
[Site "204.178.125.65"]
[Date "2000.04.05"]
[Round "?"]
[White "QueenMaxima"]
[Black "Hossa"]
[Result "0-1"]
[WhiteElo "2535"]
[BlackElo "2524"]
[PlyCount "134"]

1. d4 Nf6 2. c4 g6 3. Nc3 Bg7 4. e4 d6 5. f3 O-O 6. Be3 e5 7. d5 Nh5 8. Qd2 f5
9. O-O-O Nd7 10. exf5 gxf5 11. Nh3 f4 12. Bf2 b6 13. Bd3 Nc5 14. Bxc5 bxc5 15.
Qc2 h6 16. Bh7+ Kh8 17. Nf2 Nf6 18. Bg6 Ng8 19. Qe2 Ne7 20. Bb1 Nf5 21. Rde1
Nd4 22. Qd3 Bf5 23. Qd2 Bxb1 24. Kxb1 Kg8 25. Ng4 Rb8 26. Ne4 Rb4 27. Qc3 Qd7
28. b3 a5 29. Nd2 a4 30. a3 Qf5+ 31. Kb2 Rxb3+ 32. Nxb3 Rb8 33. Ka2 Rxb3 34.
Qd2 h5 35. Nf2 Nc2 36. Re4 Nxa3 37. Rc1 Qg6 38. Nd1 Bh8 39. Nc3 Qe8 40. Qd1 Nb1
41. Nxb1 Qb8 42. Qc2 Qb4 43. Rf1 Kf8 44. Rfe1 Bf6 45. Qc1 Bg5 46. R1e2 a3 47.
Nxa3 h4 48. Rf2 Bf6 49. h3 Bh8 50. Rfe2 Qa4 51. Re1 Bg7 52. Rf1 Qb4 53. Ree1
Rd3 54. Qb2 Rd2 55. Nc2 Qxc4+ 56. Kb1 Kf7 57. Rg1 Qxd5 58. Qb5 c6 59. Qb7+ Kg6
60. Rc1 Rd3 61. Na1 Rd4 62. Qd7 Rb4+ 63. Kc2 Qa2+ 64. Kd3 Rd4+ 65. Kc3 Qd2+ 66.
Kb3 Rb4+ 67. Ka3 Qb2# 0-1

[Event "ICS rated blitz match"]
[Site "204.178.125.65"]
[Date "2000.04.05"]
[Round "?"]
[White "Hossa"]
[Black "QueenMaxima"]
[Result "0-1"]
[WhiteElo "2541"]
[BlackElo "2518"]
[PlyCount "174"]

1. e4 Nf6 2. e5 Nd5 3. d4 d6 4. Nf3 g6 5. Bc4 c6 6. O-O Bg7 7. exd6 Qxd6 8. h3
O-O 9. Nbd2 Bf5 10. Bb3 Nd7 11. Nc4 Qc7 12. c3 N7b6 13. Nxb6 Nxb6 14. Re1 Rfe8
15. Bg5 Nd5 16. Qd2 Nf6 17. Ne5 Rf8 18. Qf4 Qd6 19. Bh6 Nd5 20. Qh4 Bf6 21. Qg3
Bg7 22. Bxg7 Kxg7 23. Nc4 Qxg3 24. fxg3 Rfe8 25. Ne5 h5 26. Re2 Rad8 27. Rae1
Rb8 28. Bxd5 cxd5 29. b3 Rbc8 30. Re3 Kf6 31. a3 Rf8 32. Rf1 Kg7 33. Nf3 e6 34.
Nd2 f6 35. a4 g5 36. Rf2 Rc6 37. c4 Rd8 38. c5 Rdc8 39. b4 g4 40. Kh2 Kf7 41.
b5 R6c7 42. a5 Bg6 43. a6 bxa6 44. bxa6 Rb8 45. Rb3 Rxb3 46. Nxb3 Bd3 47. Rf4
gxh3 48. gxh3 Bxa6 49. Nd2 Rb7 50. Kg1 Rb2 51. Rf2 Bc8 52. Nf3 Rxf2 53. Kxf2 a5
54. Ke3 a4 55. Kd3 e5 56. dxe5 Bxh3 57. c6 Bf5+ 58. Kd4 a3 59. Kc3 fxe5 60.
Nxe5+ Ke6 61. Nf3 Bb1 62. Nd2 d4+ 63. Kb3 a2 64. Kb2 Kd6 65. Nf3 d3 66. Nd2
Kxc6 67. Ka1 Kd5 68. Kb2 Kd4 69. Nf1 Ke4 70. Nd2+ Ke3 71. Nc4+ Ke2 72. Ka1 d2
73. Nb2 d1=R 74. Na4 Bc2+ 75. Kxa2 Bxa4 76. Ka3 Bd7 77. Kb4 Kf3 78. Kc4 Kxg3
79. Kc3 Bf5 80. Kb4 h4 81. Kc3 h3 82. Kc4 h2 83. Kc5 Rc1+ 84. Kd6 h1=Q 85. Ke7
Qh7+ 86. Kd6 Qc7+ 87. Kd5 Rd1# 0-1

[Event "ICS rated blitz match"]
[Site "204.178.125.65"]
[Date "2000.04.05"]
[Round "?"]
[White "WitPaard"]
[Black "Hossa"]
[Result "1/2-1/2"]
[WhiteElo "2198"]
[BlackElo "2524"]
[PlyCount "61"]

1. e4 e5 2. Nf3 Nc6 3. Bb5 a6 4. Ba4 Nf6 5. O-O Be7 6. Bxc6 dxc6 7. d3 Nd7 8.
Nbd2 O-O 9. Nc4 f6 10. b3 Nb6 11. Ne3 Bd6 12. Bb2 Be6 13. h3 Qe7 14. Kh2 Rad8
15. g3 f5 16. Nd2 fxe4 17. Nxe4 Nd5 18. Qh5 g6 19. Qh6 Bd7 20. Rae1 Bb4 21. Re2
Nxe3 22. Rxe3 Rf5 23. g4 Rff8 24. Ng5 Bc5 25. Re4 Be6 26. Bxe5 Bd5 27. Bf6 Qd6+
28. Be5 Qe7 29. Bf6 Qd6+ 30. Be5 Qe7 31. Bf6 1/2-1/2

[Event "ICS rated blitz match"]
[Site "204.178.125.65"]
[Date "2000.04.05"]
[Round "?"]
[White "Hossa"]
[Black "WitPaard"]
[Result "1-0"]
[WhiteElo "2512"]
[BlackElo "2210"]
[PlyCount "29"]

1. e4 e5 2. Nf3 Nc6 3. Nc3 Nf6 4. Nxe5 Nxe5 5. d4 Ng6 6. e5 Ng8 7. Bc4 Bb4 8.
Qf3 Qe7 9. O-O Bxc3 10. bxc3 d6 11. Ba3 Nh6 12. exd6 Qh4 13. dxc7 Nf5 14. Bb5+
Bd7 15. Qxf5 1-0

[Event "ICS rated blitz match"]
[Site "204.178.125.65"]
[Date "2000.04.05"]
[Round "?"]
[White "WitPaard"]
[Black "Hossa"]
[Result "1/2-1/2"]
[WhiteElo "2205"]
[BlackElo "2517"]
[PlyCount "118"]

1. e4 e5 2. Nf3 Nc6 3. Bb5 a6 4. Ba4 Nf6 5. O-O Be7 6. Bxc6 dxc6 7. d3 Nd7 8.
Nbd2 O-O 9. Nc4 f6 10. b3 Nb6 11. Ne3 Bd6 12. Bb2 Be6 13. h3 Qe7 14. Kh2 Rad8
15. g3 f5 16. Nd2 fxe4 17. Nxe4 Nd5 18. Qh5 g6 19. Qh6 Nb6 20. Rae1 Bb4 21. Re2
Nd7 22. Ng4 Rf5 23. Qc1 Rh5 24. Kg2 Bc5 25. Nxc5 Qxc5 26. Qe3 Qxe3 27. Rxe3
Bxg4 28. hxg4 Rg5 29. f3 h5 30. gxh5 Rxh5 31. g4 Rh7 32. Bxe5 Re8 33. Rfe1 Nb6
34. c4 c5 35. Bc3 Rxe3 36. Rxe3 Nd7 37. Re8+ Nf8 38. Rc8 Rd7 39. Be5 c6 40. Rb8
b5 41. Rb6 Rxd3 42. Rxa6 Nd7 43. Bf4 Kg7 44. Kg3 bxc4 45. bxc4 Kf7 46. Rxc6 Rc3
47. Rc7 Ke6 48. Rc6+ Kf7 49. Rc7 Ke6 50. a4 Rxc4 51. a5 Ra4 52. Rc6+ Ke7 53. a6
Kf7 54. Rc7 Ke7 55. a7 Ra2 56. Bg5+ Kd6 57. Bf4+ Ke7 58. Be3 Kd6 59. Bf4+ Ke7
1/2-1/2

[Event "ICS rated blitz match"]
[Site "204.178.125.65"]
[Date "2000.04.05"]
[Round "?"]
[White "Hossa"]
[Black "hiro14"]
[Result "1-0"]
[WhiteElo "2506"]
[BlackElo "2000"]
[PlyCount "24"]

1. e4 e5 2. Nf3 Nc6 3. Nc3 d6 4. Bb5 Bd7 5. O-O Nf6 6. d4 Qe7 7. Nd5 Nxd5 8.
exd5 Nb8 9. Bd3 g6 10. dxe5 dxe5 11. Nxe5 Bg7 12. Nxd7 Qxd7 1-0

[Event "ICS rated blitz match"]
[Site "204.178.125.65"]
[Date "2000.04.05"]
[Round "?"]
[White "hiro14"]
[Black "Hossa"]
[Result "1-0"]
[WhiteElo "2055"]
[BlackElo "2506"]
[PlyCount "63"]

1. e4 e5 2. c4 Nc6 3. d3 Bc5 4. g3 Nf6 5. h3 d6 6. Bg2 a6 7. Ne2 b5 8. O-O bxc4
9. dxc4 O-O 10. Kh2 Be6 11. b3 Nd4 12. Nbc3 c6 13. f4 Ra7 14. f5 Bc8 15. g4
Nxe2 16. Nxe2 h6 17. Ng3 Bd4 18. Rb1 Qa5 19. a3 Qc7 20. h4 Re8 21. g5 hxg5 22.
hxg5 Nd7 23. Qh5 Nc5 24. f6 g6 25. Qh6 Ne6 26. Bh3 Rf8 27. Kg2 Rd8 28. Rh1 Qe7
29. Bxe6 Qxf6 30. gxf6 fxe6 31. Qxg6+ Kf8 32. Rh8# 1-0

[Event "ICS rated standard match"]
[Site "204.178.125.65"]
[Date "2000.04.05"]
[Round "?"]
[White "Hossa"]
[Black "chuda"]
[Result "1-0"]
[WhiteElo "2281"]
[BlackElo "1998"]
[PlyCount "45"]

1. e4 d5 2. exd5 Nf6 3. Bb5+ Bd7 4. Bc4 Bg4 5. f3 Bf5 6. Nc3 c6 7. dxc6 Nxc6 8.
Nge2 e6 9. g4 Bg6 10. h4 h5 11. Nf4 Qc7 12. d4 O-O-O 13. Nb5 Qb8 14. Bxe6+ fxe6
15. Nxg6 Qg3+ 16. Kf1 Nxg4 17. fxg4 Bc5 18. Bf4 Rhf8 19. c3 a6 20. Qe2 axb5 21.
Qxe6+ Rd7 22. Qxd7+ Kxd7 23. Nxf8+ 1-0

[Event "ICS rated standard match"]
[Site "204.178.125.65"]
[Date "2000.04.05"]
[Round "?"]
[White "chuda"]
[Black "Hossa"]
[Result "1/2-1/2"]
[WhiteElo "1993"]
[BlackElo "2286"]
[PlyCount "156"]

1. e4 e5 2. Nf3 Nc6 3. Bb5 d6 4. d4 Bd7 5. O-O Nf6 6. Re1 Nxd4 7. Nxd4 c6 8.
Bc4 exd4 9. Qxd4 Ng4 10. Bf4 Be6 11. Nc3 Bxc4 12. Qxc4 Qb6 13. Qe2 Qxb2 14.
Qxg4 Qxc3 15. e5 d5 16. e6 f5 17. Qxf5 Qf6 18. Qxf6 gxf6 19. e7 Bg7 20. Rad1
Kf7 21. c4 dxc4 22. Rd7 Rhe8 23. Rxb7 a5 24. g4 Rac8 25. Bd2 a4 26. Bc3 Ra8 27.
f4 c5 28. f5 a3 29. Re6 Rac8 30. Kf2 h6 31. h4 Ra8 32. Kf3 Rac8 33. Ke4 Ra8 34.
Kd5 Bh8 35. Kxc4 Ra4+ 36. Kxc5 Rxg4 37. Ra7 Rxh4 38. Rxa3 Rh3 39. Kc4 Rf3 40.
Ra7 Rxf5 41. Re2 Rf4+ 42. Kd5 h5 43. a4 h4 44. a5 h3 45. Rh2 Rf3 46. Bd4 Rf5+
47. Ke4 Rh5 48. a6 f5+ 49. Kd3 Bxd4 50. Kxd4 Kf6 51. Rb7 Rh4+ 52. Ke3 Ra4 53.
a7 Ra1 54. Kf4 Rxe7 55. Rxe7 Ra4+ 56. Kf3 Kxe7 57. Rxh3 Kd6 58. Rh7 Kc6 59. Rf7
Kb6 60. Rxf5 Rxa7 61. Kg4 Rb7 62. Rf6+ Kc5 63. Rf5+ Kd4 64. Kf4 Rc7 65. Rf8 Rd7
66. Rf6 Re7 67. Rf8 Rg7 68. Rd8+ Kc5 69. Kf5 Rh7 70. Kg6 Rh4 71. Rc8+ Kd5 72.
Rd8+ Ke5 73. Re8+ Kf4 74. Rf8+ Kg4 75. Rg8 Rh3 76. Kf6+ Kh4 77. Rh8+ Kg4 78.
Rxh3 Kxh3 1/2-1/2

[Event "ICS rated standard match"]
[Site "204.178.125.65"]
[Date "2000.04.05"]
[Round "?"]
[White "Hossa"]
[Black "RudyVandeWynkel"]
[Result "1-0"]
[WhiteElo "2275"]
[BlackElo "2068"]
[PlyCount "30"]

1. e4 c6 2. d4 d5 3. exd5 cxd5 4. c4 Nf6 5. Nc3 e6 6. Nf3 Be7 7. Bg5 O-O 8.
cxd5 exd5 9. Be2 Nc6 10. O-O Bf5 11. Re1 Re8 12. Bd3 Bxd3 13. Qxd3 Qd6 14. Bxf6
Bxf6 15. Qb5 Nxd4 1-0

[Event "ICS rated standard match"]
[Site "204.178.125.65"]
[Date "2000.04.05"]
[Round "?"]
[White "Hossa"]
[Black "chuda"]
[Result "1/2-1/2"]
[WhiteElo "2282"]
[BlackElo "1998"]
[PlyCount "100"]

1. e4 d5 2. exd5 Nf6 3. Bb5+ Bd7 4. Bc4 Bg4 5. f3 Bf5 6. Nc3 c6 7. dxc6 Nxc6 8.
Nge2 e5 9. g4 Bg6 10. h4 h5 11. g5 Nd7 12. d3 Nb6 13. Bb5 Bc5 14. Ne4 Bxe4 15.
fxe4 Qc7 16. c3 O-O-O 17. Ng3 g6 18. b4 Be7 19. Be3 a6 20. Bxc6 Qxc6 21. Qc2
Na4 22. Rc1 Kb8 23. Ne2 f6 24. gxf6 Bxf6 25. d4 b5 26. d5 Qc4 27. Rb1 Rhf8 28.
Bh6 Rh8 29. Bc1 Rhf8 30. Bd2 Be7 31. Bh6 Rf3 32. Rh2 Rh8 33. Bg7 Rhf8 34. Bxf8
Rxf8 35. Kd2 Rf3 36. Rb3 g5 37. hxg5 Bxg5+ 38. Ke1 h4 39. Rg2 Be3 40. Rg8+ Kc7
41. Ra3 h3 42. Rxa4 bxa4 43. Rg7+ Kd6 44. Rg6+ Ke7 45. Re6+ Kf7 46. Rxe5 Bf2+
47. Kd2 Be3+ 48. Ke1 Bf2+ 49. Kd2 Be3+ 50. Ke1 Bf2+ 1/2-1/2

[Event "ICS rated standard match"]
[Site "204.178.125.65"]
[Date "2000.04.05"]
[Round "?"]
[White "chuda"]
[Black "Hossa"]
[Result "0-1"]
[WhiteElo "2009"]
[BlackElo "2271"]
[PlyCount "51"]

1. e4 e5 2. Nf3 Nc6 3. Bb5 a6 4. Ba4 Nf6 5. O-O Be7 6. Re1 b5 7. Bb3 O-O 8. c3
d5 9. exd5 Nxd5 10. Nxe5 Nxe5 11. Rxe5 c6 12. d3 Bd6 13. Re1 Bf5 14. Qf3 Re8
15. Bd2 Qd7 16. Bxd5 cxd5 17. h3 Bc7 18. Rxe8+ Rxe8 19. Na3 Qd6 20. g3 Bxh3 21.
Nc2 Qg6 22. Nd4 Bb8 23. a4 bxa4 24. Rxa4 Bg4 25. Qxd5 Qxd3 26. Bg5 0-1